| 000 | 00575nam a2200181Ia 4500 | ||
|---|---|---|---|
| 008 | 210719s2020 xx 000 0 und d | ||
| 020 | _a978-1-63669-515-0 | ||
| 041 | _aeng | ||
| 082 | _a158.1 SHRB | ||
| 100 | _aSHRUTHI (M S) | ||
| 245 | _aBlooming beyond pain: a guide to healing your soul after the loss of a loved one | ||
| 260 |
_aChennai _bNotion Press _c2020 |
||
| 300 |
_a119 _bPB |
||
| 365 |
_b225 _cRs |
||
| 650 | _aApplied Psychology | ||
| 650 | _aPsychology | ||
| 906 | _aafter ; beyond ; Blooming ; guide ; healing ; loss ; loved ; one ; pain: ; soul ; your | ||
| 999 |
_c211777 _d211777 |
||